000 00608nam a2200229Ia 4500
001 1065
003 GE_BSU
008 181216s||||||||xx |||||||||||||| ||und||
020 _a5769529628
040 _cGE_BSU
080 _a574.3(075.8)
100 _aРучин,А.Б.
245 _aЭкология популяций и сообществ.
245 _bУчебник. для студ.по специальн.,,Биоэколоия
260 _aМосква
260 _bАкдемия
260 _c2006
300 _a350 с.
541 _h7о л.
653 _aЭкология
942 _cBK
999 _c35219
_d35219